Every Winner Of The F1 British Grand Prix - Statistics

General Stats
  • This quiz has been taken 33 times
    14 since last reset
  • The average score is 56 of 82
Answer Stats
Hint Answer % Correct
1988 Ayrton Senna
100%
2008 Lewis Hamilton
100%
2014 Lewis Hamilton
100%
2015 Lewis Hamilton
100%
2016 Lewis Hamilton
100%
2017 Lewis Hamilton
100%
2019 Lewis Hamilton
100%
2020 Lewis Hamilton
100%
2021 Lewis Hamilton
100%
2024 Lewis Hamilton
100%
2023 Max Verstappen
100%
1994 Damon Hill
92%
2025 Lando Norris
92%
1998 Michael Schumacher
92%
2002 Michael Schumacher
92%
2004 Michael Schumacher
92%
2009 Sebastian Vettel
92%
2018 Sebastian Vettel
92%
1983 Alain Prost
85%
1985 Alain Prost
85%
1989 Alain Prost
85%
1990 Alain Prost
85%
1993 Alain Prost
85%
2022 Carlos Sainz Jr
85%
2006 Fernando Alonso
85%
2011 Fernando Alonso
85%
1996 Jacques Villeneuve
85%
1997 Jacques Villeneuve
85%
1976 Niki Lauda
85%
1982 Niki Lauda
85%
1984 Niki Lauda
85%
1952 Alberto Ascari
77%
1953 Alberto Ascari
77%
1977 James Hunt
77%
1956 Juan Manuel Fangio
77%
2007 Kimi Raikkonen
77%
2010 Mark Webber
77%
2012 Mark Webber
77%
2001 Mika Hakkinen
77%
2013 Nico Rosberg
77%
1986 Nigel Mansell
77%
1987 Nigel Mansell
77%
1991 Nigel Mansell
77%
1992 Nigel Mansell
77%
2003 Rubens Barrichello
77%
1972 Emerson Fittipaldi
69%
1975 Emerson Fittipaldi
69%
1962 Jim Clark
69%
1963 Jim Clark
69%
1964 Jim Clark
69%
1965 Jim Clark
69%
1967 Jim Clark
69%
1955 Stirling Moss
69%
1957 Stirling Moss
69%
1950 Giuseppe Farina
62%
1969 Jackie Stewart
62%
1971 Jackie Stewart
62%
2005 Juan Pablo Montoya
62%
1980 Alan Jones
54%
1999 David Coulthard
54%
2000 David Coulthard
54%
1959 Jack Brabham
54%
1960 Jack Brabham
54%
1966 Jack Brabham
54%
1970 Jochen Rindt
54%
1974 Jody Scheckter
46%
1978 Carlos Reutemann
38%
1981 John Watson
38%
1951 Jose Froilan Gonzalez
38%
1954 Jose Froilan Gonzalez
38%
1961 Wolfgang Van Trips
38%
1979 Clay Regazzoni
31%
1973 Peter Revson
31%
1995 Johnny Herbert
23%
1968 Jo Siffert
23%
1958 Peter Collins
23%
1957 Tony Brooks
23%
1949 Emmanuel De Graffenried
15%
1926 Louis Wagner
15%
1948 Luigi Villoresi
15%
1927 Robert Benoist
15%
1926 Robert Senechal
15%
No matching quizzes found
Score Distribution
Percent of People with Each Score
Percentile by Number Answered
Your Score History
You have not taken this quiz since the last reset